000 00475nam a2200157Ia 4500
999 _c21395
_d21395
003 OSt
005 20231211115754.0
008 190216s9999||||xx |||||||||||||| ||und||
040 _coclc
082 _a907.20225483
_bMEN/K
100 1 _aSreedhara Menon, A.
_910096
245 0 _aKerala Charithra Silpikal /
_c A Sreedhara Menon
260 _bDc Books,
_c2007.
_aKottayam:
300 _a258p
942 _cBK
_2ddc
_h907.20225483
_iMEN/K
_k907.20225483
_mMEN/K